Cada cual, ¿atiende su juego? (Registro nro. 1189)

Detalles MARC
000 -LEADER
fixed length control field 01508 a2200241 4500
001 - CONTROL NUMBER
control field 24472
005 - DATE AND TIME OF LATEST TRANSACTION
control field 20260407155529.0
008 - FIXED-LENGTH DATA ELEMENTS--GENERAL INFORMATION
fixed length control field 260407a2006 arg spa d
003 - CONTROL NUMBER IDENTIFIER
control field AR-UNSa-BCEJYS
040 ## - CATALOGING SOURCE
Original cataloging agency AR-UNSa-BCEJYS
Language of cataloging spa
Transcribing agency AR-UNSa-BCEJYS
080 ## - UNIVERSAL DECIMAL CLASSIFICATION NUMBER
Universal Decimal Classification number 336.14
Common auxiliary subdivision Presupuesto público. Presupuesto nacional
020 ## - INTERNATIONAL STANDARD BOOK NUMBER
International Standard Book Number 987-20142-3-X
100 1# - MAIN ENTRY--PERSONAL NAME
Personal name Braun, Miguel
245 10 - TITLE STATEMENT
Title Cada cual, ¿atiende su juego?
Name of part/section of a work el rol del Congreso en el presupuesto nacional de la Argentina
264 #1 - PRODUCTION, PUBLICATION, DISTRIBUTION, MANUFACTURE, AND COPYRIGHT NOTICE
Place of production, publication, distribution, manufacture Buenos Aires :
Name of producer, publisher, distributor, manufacturer CIPPEC
Date of production, publication, distribution, manufacture, or copyright notice 2006
300 ## - PHYSICAL DESCRIPTION
Extent 303 p.
Dimensions 24 cm.
505 ## - FORMATTED CONTENTS NOTE
Formatted contents note 1. El dia que me quieras: parlamentos y presupuestos en América Latina - 2. Instituciones presupuestarias, resultados fiscales y el rol del Congreso en el proceso presupuestario - 3. El papel del poder legislativo en el proceso presupuestario argentino(1984-2004) - 4. El Congreso y el Presupuesto Nacional en la Argentina: desempeño y condiciones de su rol en el proceso presupuestario - 5. ¿Quien decide sobre el gasto público?, un análisis sobre la economía política del proceso presupuestario: el caso de la Argentina - 6. Oficina del presupuesto del Congreso de la Nación Argentina.una propuesta para fortalecer su rol en el proceso presupuestario.
590 ## - LOCAL NOTE (RLIN)
Local note niveau_biblio:m niveau_hierar:0
700 1# - ADDED ENTRY--PERSONAL NAME
Personal name Díaz Frers, Luciana
700 1# - ADDED ENTRY--PERSONAL NAME
Personal name Uña, Gerardo
856 41 - ELECTRONIC LOCATION AND ACCESS
Uniform Resource Identifier <a href="https://biblioeco.unsa.edu.ar/pmb/images/libros/Cada cual, ?atiende su juego Braun, Miguel (2006).jpg">https://biblioeco.unsa.edu.ar/pmb/images/libros/Cada cual, ?atiende su juego Braun, Miguel (2006).jpg</a>
Link text Imagen de portada
Electronic format type image/jpeg
942 ## - ADDED ENTRY ELEMENTS (KOHA)
Koha item type
Existencias
Withdrawn status Lost status Damaged status Not for loan Home library Current library Shelving location Date acquired Total checkouts Full call number Barcode Date last seen Price effective from Koha item type
        Biblioteca Prof. Eusebio Cleto del Rey Biblioteca Prof. Eusebio Cleto del Rey   07/04/2026   336.14 B825 L117932 07/04/2026 07/04/2026 Libro